| 000 | 01023nam a2200277 4500 | ||
|---|---|---|---|
| 001 | 178179 | ||
| 003 | ES-MaACL | ||
| 005 | 20231218165605.0 | ||
| 008 | 110520s2000 xxu |||| | spa d | ||
| 020 | _a958-33-1518-4 | ||
| 080 | _a821.134.2(861)-34"19" | ||
| 100 | 1 |
_aMacías, Luz E. _9146643 |
|
| 245 | 1 | 4 |
_aLos pasos : _bcuentos del cielo y del infierno = The steps : stories from Heaven and Inferno / _cLuz E. Macías. |
| 250 | _a1ª ed. | ||
| 260 |
_aMiami : _bLa Casa del Hada, _c2000 ( _eSantafé de Bogotá : _fGente Nueva) |
||
| 300 |
_a77 p. ; _c21 cm. |
||
| 490 | 1 | _aLa cueva de la sibila | |
| 546 | _aTexto en español, traducción en inglés. | ||
| 740 | 4 | 2 | _aThe steps: stories from Heaven and Inferno. |
| 830 | 1 |
_aLa cueva de la sibila _9224260 |
|
| 852 | 4 |
_aES-MaACL _9185038 _bR.145500 _jA-11222 _dOlim: N-4226 _cDEPO1 _xDonación: Luz E. Macias |
|
| 903 |
_aMacías, Luz E. _ednr _9146643 |
||
| 942 |
_2udc _cMONOGRAFIA |
||
| 999 |
_c178179 _d178179 |
||